Readings in cross-cultural methodology / (Record no. 1617)

MARC details
000 -LEADER
fixed length control field 00541cam a2200181 4500
001 - CONTROL NUMBER
control field 2068
005 - DATE AND TIME OF LATEST TRANSACTION
control field 20181127164510.0
008 - FIXED-LENGTH DATA ELEMENTS--GENERAL INFORMATION
fixed length control field 751210s1961 ctua b 000 0 eng
010 ## - LIBRARY OF CONGRESS CONTROL NUMBER
LC control number 61017325
100 1# - MAIN ENTRY--PERSONAL NAME
Personal name Moore, Frank W.,
Relator term ed.
245 10 - TITLE STATEMENT
Title Readings in cross-cultural methodology /
Statement of responsibility, etc. edited by Frank W. Moore.
260 ## - PUBLICATION, DISTRIBUTION, ETC.
Place of publication, distribution, etc. New Haven :
Name of publisher, distributor, etc. HRAF Press,
Date of publication, distribution, etc. 1961.
300 ## - PHYSICAL DESCRIPTION
Extent 335 p. :
Other physical details ill. ;
Dimensions 23 cm.
504 ## - BIBLIOGRAPHY, ETC. NOTE
Bibliography, etc. note Includes bibliography.
650 #0 - SUBJECT ADDED ENTRY--TOPICAL TERM
Topical term or geographic name entry element Culture.
Topical term or geographic name entry element Ethnology
General subdivision Methodology.
740 0# - ADDED ENTRY--UNCONTROLLED RELATED/ANALYTICAL TITLE
Uncontrolled related/analytical title Cross-cultural methodology.
Holdings
Withdrawn status Lost status Source of classification or shelving scheme Damaged status Not for loan Collection code Home library Current library Shelving location Date acquired Serial Enumeration / chronology Inventory number Total Checkouts Full call number Barcode Date last seen Price effective from Koha item type
    Dewey Decimal Classification     Main TEST RTC Library RTC Library Main opac 12/01/2022 998   301.01 MOO 30005437 12/01/2022 27/11/2018 Main
Royal Thimphu College || All Right Reserved